[Event "Johor op-B 7th"]
[Site "Johor"]
[Date "2022.12.28"]
[Round "5"]
[White "Chen, Yi Jing Alvin"]
[Black "Ishak, Mohd Hafizul"]
[Result "0-1"]
[WhiteElo "1561"]
[BlackElo "1575"]
[PlyCount "68"]
[EventDate "2022.12.26"]
[EventType "swiss"]
[EventRounds "9"]
[EventCountry "MAS"]
[SourceTitle "EXT 2024"]
[Source "ChessBase"]
[SourceDate "2023.10.10"]
[SourceVersion "1"]
[SourceVersionDate "2023.10.10"]
[SourceQuality "1"]

1. Nf3 Nf6 2. c4 e6 3. g3 c5 4. Bg2 Nc6 5. 0-0 d5 6. cxd5 exd5 7. d3 Bd6 8. Nc3 0-0 9. Bg5 Be7 10. Qc1 h6 11. Bd2 Be6 12. a3 Rc8 13. Bf4 Bg4 14. h3 Bxf3 15. Bxf3 Nd4 16. Qd1 Nxf3+ 17. exf3 d4 18. Ne4 Nd5 19. Bc1 Qd7 20. Kg2 f5 21. Nd2 Bd6 22. Qb3 Bb8 23. Qa2 Kh8 24. Nb3 Qe6 25. Bd2 Ne3+ 26. Kg1 Qg6 27. Kh2 Nxf1+ 28. Rxf1 f4 29. g4 Qxd3 30. Kg2 c4 31. Nxd4 Qxd2 32. Nb5 c3 33. Qb1 cxb2 34. Rd1 Qxd1 0-1

[Event "Johor op-B 7th"]
[Site "Johor"]
[Date "2022.12.28"]
[Round "4"]
[White "Ronen, Martin Tua Sidabuta"]
[Black "Chen, Yi Jing Alvin"]
[Result "0-1"]
[WhiteElo "1359"]
[BlackElo "1561"]
[PlyCount "62"]
[EventDate "2022.12.26"]
[EventType "swiss"]
[EventRounds "9"]
[EventCountry "MAS"]
[SourceTitle "EXT 2024"]
[Source "ChessBase"]
[SourceDate "2023.10.10"]
[SourceVersion "1"]
[SourceVersionDate "2023.10.10"]
[SourceQuality "1"]

1. e4 c6 2. d4 d5 3. exd5 cxd5 4. Nf3 Nc6 5. Be2 Nf6 6. h3 Bf5 7. 0-0 e6 8. Nc3 a6 9. a3 Be7 10. Be3 0-0 11. Nh4 Bg6 12. Re1 Ne4 13. Nxg6 hxg6 14. Nxe4 dxe4 15. c4 Bg5 16. Qd2 Bxe3 17. fxe3 Qg5 18. Rad1 Rad8 19. Bf1 Ne5 20. Kh2 Qh4 21. Qe2 Nd3 22. g3 Qf6 23. Bg2 Nxe1 24. Bxe4 b6 25. Rxe1 Qe7 26. Qg2 a5 27. Bc6 Qd6 28. Re2 Rc8 29. d5 Rc7 30. Rd2 e5 31. Rd1 Rxc6 0-1

[Event "Hong Kong Jolimark op"]
[Site "Hong Kong"]
[Date "2017.12.25"]
[Round "6"]
[White "Chen, Yi Jing Alvin"]
[Black "Lu, Jacob"]
[Result "1-0"]
[WhiteElo "1652"]
[BlackElo "1073"]
[PlyCount "93"]
[EventDate "2017.12.23"]
[EventType "swiss"]
[EventRounds "9"]
[EventCountry "HKG"]
[SourceTitle "CBM 182 Extra"]
[Source "ChessBase"]
[SourceDate "2018.02.23"]
[SourceVersion "1"]
[SourceVersionDate "2018.02.23"]
[SourceQuality "1"]

1. Nf3 Nc6 2. c4 Nf6 3. g3 d5 4. cxd5 Nxd5 5. Bg2 e5 6. Nc3 Nce7 7. 0-0 c5 8. Nxe5 Nxc3 9. bxc3 Qc7 10. Qa4+ Bd7 11. Nxd7 Qxd7 12. Qxd7+ Kxd7 13. Bxb7 Rb8 14. Bg2 g6 15. Ba3 Nc8 16. Bh3+ Kd8 17. Bxc8 Kxc8 18. Rfb1 Rxb1+ 19. Rxb1 Be7 20. Rb5 Kd8 21. Rb8+ Kd7 22. Rxh8 h5 23. Ra8 Ke6 24. Rxa7 Bg5 25. f4 Bf6 26. Bxc5 Kf5 27. Bd4 Bd8 28. Rxf7+ Ke6 29. Rb7 g5 30. e4 gxf4 31. gxf4 h4 32. f5+ Kd6 33. f6 h3 34. Rh7 Ke6 35. Rxh3 Bxf6 36. Bxf6 Kxf6 37. Rd3 Ke5 38. Rd4 Ke6 39. a4 Ke7 40. a5 Ke6 41. a6 Ke7 42. a7 Ke6 43. a8Q Kf6 44. Rd5 Kf7 45. Qc6 Ke7 46. Rd7+ Ke8 47. Qc8# 1-0

[Event "Hong Kong Jolimark op"]
[Site "Hong Kong"]
[Date "2017.12.23"]
[Round "2"]
[White "Chen, Yi Jing Alvin"]
[Black "Nakamura, Naohiro"]
[Result "0-1"]
[WhiteElo "1652"]
[BlackElo "2104"]
[PlyCount "94"]
[EventDate "2017.12.23"]
[EventType "swiss"]
[EventRounds "9"]
[EventCountry "HKG"]
[SourceTitle "CBM 182 Extra"]
[Source "ChessBase"]
[SourceDate "2018.02.23"]
[SourceVersion "1"]
[SourceVersionDate "2018.02.23"]
[SourceQuality "1"]

1. Nf3 c5 2. c4 Nc6 3. g3 g6 4. Bg2 Bg7 5. 0-0 e5 6. Nc3 Nge7 7. Rb1 d6 8. d3 0-0 9. a3 a5 10. Bd2 Rb8 11. Ne1 Be6 12. Nc2 d5 13. cxd5 Nxd5 14. Re1 b6 15. Ne4 h6 16. Qc1 Kh7 17. Nc3 Rc8 18. Qd1 f5 19. Nxd5 Bxd5 20. b4 axb4 21. axb4 Bxg2 22. Kxg2 Rf7 23. bxc5 bxc5 24. Qc1 Rd7 25. Bc3 Nd4 26. Na3 e4 27. dxe4 fxe4 28. Nc4 Rb8 29. Ba5 Rxb1 30. Qxb1 Qe7 31. Ne3 Rb7 32. Qd1 Qe6 33. Bc3 Nf3 34. exf3 Bxc3 35. Rf1 Rd7 36. Qa4 exf3+ 37. Kxf3 Bd4 38. Kg2 Re7 39. Nc4 Qe4+ 40. Kg1 Rf7 41. Qb3 Bxf2+ 42. Rxf2 Qe1+ 43. Kg2 Qxf2+ 44. Kh3 Qf1+ 45. Kh4 g5+ 46. Kg4 Qf5+ 47. Kh5 Qh3# 0-1

[Event "Hong Kong Jolimark op"]
[Site "Hong Kong"]
[Date "2016.12.28"]
[Round "5"]
[White "Chen, Yi Jing Alvin"]
[Black "Cheong, Tze Wen Jarell"]
[Result "0-1"]
[WhiteElo "1686"]
[BlackElo "1560"]
[PlyCount "74"]
[EventDate "2016.12.26"]
[EventType "swiss"]
[EventRounds "9"]
[EventCountry "HKG"]
[SourceTitle "CBM 176 Extra"]
[Source "ChessBase"]
[SourceDate "2017.03.02"]
[SourceVersion "1"]
[SourceVersionDate "2017.03.02"]
[SourceQuality "1"]

1. e4 e6 2. Nf3 d5 3. exd5 exd5 4. Bb5+ c6 5. Ba4 Nf6 6. 0-0 Be7 7. c3 0-0 8. d4 Bf5 9. Nbd2 Bd6 10. Ne5 Nbd7 11. f4 Ne4 12. Nxe4 Bxe4 13. Bc2 f5 14. Bxe4 fxe4 15. Be3 Qe7 16. Qe2 Nb6 17. b3 Bxe5 18. fxe5 Rxf1+ 19. Rxf1 Rf8 20. Qg4 Re8 21. Rf5 Qe6 22. Qf4 Nd7 23. h4 Rf8 24. g4 g6 25. Rxf8+ Nxf8 26. h5 Qf7 27. Qg5 Ne6 28. Qh4 Qf3 29. hxg6 Qxe3+ 30. Kf1 Qf3+ 31. Kg1 hxg6 32. Qe7 Qxg4+ 33. Kf1 Qf3+ 34. Kg1 Qf7 35. Qa3 e3 36. Qc1 Qf2+ 37. Kh1 e2 0-1

[Event "Hong Kong Jolimark op"]
[Site "Hong Kong"]
[Date "2016.12.26"]
[Round "2"]
[White "Chong, Chor Yuen"]
[Black "Chen, Yi Jing Alvin"]
[Result "1/2-1/2"]
[WhiteElo "2015"]
[BlackElo "1686"]
[PlyCount "81"]
[EventDate "2016.12.26"]
[EventType "swiss"]
[EventRounds "9"]
[EventCountry "HKG"]
[SourceTitle "CBM 176 Extra"]
[Source "ChessBase"]
[SourceDate "2017.03.02"]
[SourceVersion "1"]
[SourceVersionDate "2017.03.02"]
[SourceQuality "1"]

1. d4 d5 2. c4 c6 3. Nf3 Nf6 4. Nc3 a6 5. e3 b5 6. b3 Bg4 7. Be2 e6 8. 0-0 Be7 9. Ne5 Bxe2 10. Qxe2 0-0 11. Rd1 Nfd7 12. Bb2 Nxe5 13. dxe5 Nd7 14. e4 dxc4 15. bxc4 Qc7 16. f4 Qb6+ 17. Kh1 Rad8 18. cxb5 cxb5 19. a4 b4 20. a5 Qb7 21. Na4 Nc5 22. Nxc5 Bxc5 23. f5 Qa7 24. Qc4 Rxd1+ 25. Rxd1 Re8 26. h3 h6 27. Rd3 Kh7 28. Rd2 Kg8 29. Rc2 Bf8 30. Bd4 Qa8 31. Bb6 exf5 32. exf5 Rxe5 33. Rc1 Qe8 34. f6 Re1+ 35. Bg1 gxf6 36. Qg4+ Kh7 37. Qf5+ Kg7 38. Qg4+ Kh7 39. Qf5+ Kg7 40. Qg4+ Kh7 41. Qf5+ 1/2-1/2

[Event "London Classic op 7th"]
[Site "London"]
[Date "2015.12.10"]
[Round "8"]
[White "Burbidge, Duncan R"]
[Black "Chen, Yi Jing Alvin"]
[Result "1-0"]
[WhiteElo "1943"]
[BlackElo "1621"]
[PlyCount "117"]
[EventDate "2015.12.04"]
[EventType "swiss"]
[EventRounds "9"]
[EventCountry "ENG"]
[SourceTitle "CBM 169 Extra"]
[Source "ChessBase"]
[SourceDate "2015.12.18"]
[SourceVersion "1"]
[SourceVersionDate "2015.12.18"]
[SourceQuality "1"]

1. e4 c6 2. d4 d5 3. exd5 Qxd5 4. Nc3 Qa5 5. Bc4 Nf6 6. h3 Bf5 7. Nf3 e6 8. 0-0 Be7 9. Bf4 0-0 10. Ne2 Nbd7 11. Ng3 Bg6 12. c3 Nh5 13. b4 Qd8 14. Ne2 Nxf4 15. Nxf4 Qc7 16. Nxg6 hxg6 17. Re1 Nb6 18. Bb3 Nd5 19. Qd2 Bd6 20. Ne5 Rad8 21. Rad1 Bxe5 22. Rxe5 b5 23. h4 Rfe8 24. Rde1 Qe7 25. g3 Qf6 26. Kg2 Kf8 27. Qd3 a6 28. a3 Rb8 29. c4 Nc7 30. R1e3 Qd8 31. Rf3 Kg8 32. h5 g5 33. Bc2 f5 34. Rexf5 exf5 35. Qxf5 Qf6 36. Qh7+ Kf7 37. Bg6+ Ke7 38. Rxf6 Kxf6 39. Bxe8 Nxe8 40. Qg6+ Ke7 41. Qxg5+ Kd7 42. Qe5 Rc8 43. c5 Rd8 44. d5 cxd5 45. Qxd5+ Kc7 46. Qe6 Nf6 47. h6 Re8 48. Qxe8 Nxe8 49. h7 Kb7 50. h8Q Nc7 51. Qxg7 Kc6 52. Qd4 Kb7 53. g4 Kc6 54. g5 Kb7 55. g6 Kc6 56. g7 Kb7 57. g8Q a5 58. Qe4+ Ka6 59. Qc6+ 1-0

[Event "London Classic op 7th"]
[Site "London"]
[Date "2015.12.04"]
[Round "1"]
[White "Obioma, Onuoha"]
[Black "Chen, Yi Jing Alvin"]
[Result "1-0"]
[WhiteElo "2165"]
[BlackElo "1621"]
[PlyCount "79"]
[EventDate "2015.12.04"]
[EventType "swiss"]
[EventRounds "9"]
[EventCountry "ENG"]
[SourceTitle "CBM 169 Extra"]
[Source "ChessBase"]
[SourceDate "2015.12.18"]
[SourceVersion "1"]
[SourceVersionDate "2015.12.18"]
[SourceQuality "1"]

1. e4 c6 2. d4 d5 3. e5 Bf5 4. Nc3 Qb6 5. g4 Bd7 6. Na4 Qa5+ 7. c3 e6 8. b4 Qc7 9. Be3 Ne7 10. Bd3 Nc8 11. Qc2 h6 12. Ne2 Nb6 13. Nc5 Be7 14. Ng3 a5 15. 0-0 axb4 16. cxb4 Na6 17. a3 Nxc5 18. bxc5 Nc8 19. Nh5 Bf8 20. f4 Ne7 21. f5 Ng8 22. Rf3 Qd8 23. f6 gxf6 24. exf6 Bc8 25. h3 Qa5 26. Qb2 Qd8 27. a4 Ra5 28. Bd2 Ra8 29. a5 Qc7 30. Re1 Kd7 31. Kg2 Qd8 32. Re5 Rxa5 33. Rxd5+ cxd5 34. Bb5+ Rxb5 35. Qxb5+ Kc7 36. Bf4+ Bd6 37. cxd6+ Qxd6 38. Bxd6+ Kxd6 39. Qc5+ Kd7 40. Rc3 1-0